Word Ladder: 23rd Psalm Quiz Stats

 Plays Quiz Updated Aug 7, 2014

Support Sporcle.
Go Orange.
Score 0/72 Timer 08:00
0 Plays Today
Hint 4-Letter Word % Correct
The ____ is my shepherd;LORD
98.9%
.... of the ____ for ever.LORD
98.9%
He maketh me to lie ____ in green pastures:DOWN
95.7%
Component of a sentenceWORD
94.8%
Small cityTOWN
94.8%
Start of the dayDAWN
94.7%
Lowest value chess piecePAWN
94.6%
Feet of petsPAWS
94.6%
Stop sleepingWAKE
94%
RippedTORN
93.9%
Make aware of dangerWARN
93.5%
Yea, though I ____ through the valley of the shadow of death,WALK
93%
He leadeth me in the ____s of righteousness....PATH
92.8%
'Gift' from a genieWISH
92.6%
Fermented grape juiceWINE
92.6%
Witch's facial adornmentWART
92.5%
Smart, like an owlWISE
92.3%
Use clothesWEAR
92%
Compass directionWEST
92%
ThreadbareWORN
91.9%
Nixon, Sajak and BenatarPATS
91.2%
Digits on the feetTOES
91.2%
10 cent coinDIME
90.9%
I shall not ____WANT
90.9%
Green colored citrus fruitLIME
90.9%
Female spouseWIFE
90.8%
FeebleWEAK
90.3%
.... for his name's ____SAKE
90.3%
Spanish for 3TRES
90.1%
Leader at a companyBOSS
90.1%
Throw upwardlyTOSS
90.1%
.... of my ____LIFE
90%
An examinationTEST
89.9%
Lowers the lightsDIMS
89.7%
Many river blockagesDAMS
88.9%
Relative of a frogTOAD
88.8%
Hint 4-Letter Word % Correct
I will ____ no evilFEAR
88.7%
for thou art ____ me;WITH
88.6%
Thou preparest a table before me in the presence of ____ enemies:MINE
88.5%
Surely goodness and mercy shall follow me all the ____ ....DAYS
88.2%
Bridge fareTOLL
88.2%
Make a gun ready for firingLOAD
88.1%
Lawrence who had a TV variety showWELK
87.8%
InformedTOLD
87.6%
and I ____ dwell in the house....WILL
87.4%
my cup runneth ____OVER
87.3%
4-stringed instrumentBASS
87.1%
thou anointest my ____ with oil;HEAD
86.7%
Not failPASS
86.2%
RepairMEND
86%
A raised bump of fabricWALE
85.5%
Part of baby's bottleTEAT
85.4%
Common contractionWON'T
85.2%
Spreadable meat preparationPÂTÉ
85.2%
AchievementFEAT
85.1%
Gives money for goodsPAYS
84.9%
Plough soilTILL
84.6%
Conscious awarenessMIND
84.1%
Fermented honey beverageMEAD
83.5%
CunningWILE
83.1%
Beer in the process of being brewedWORT
83.1%
Make no longer hungry or thirstySATE
82.9%
Take notice ofHEED
81.6%
For a long timeEVER
81%
The days before important eventsEVES
80.8%
An actDEED
78.9%
Figure skater KaterinaWITT
78.6%
Second person singular of 'ser' in SpanishERES
76.9%
Archaic verb 'to know'WIST
76.6%
Like colorful Easter eggsDYED
72.3%
One who make psychedelic T-ShirtsDYER
68.9%
Legal term: ___ and terminerOYER
65.9%

Today's Daily Dose

Missing Word
1961 Movies A-Z

Word Ladder
Study Light

Get the Picture
Bread and Butter

You're not logged in!

Compare scores with friends on all Sporcle quizzes.
OR
Log In

From the Vault

15 Seconds: Planets

by Flick

Rest in peace, Pluto.
Remove Ads.
Support Sporcle.
Get the best of Sporcle when you Go Orange. This ad-free experience offers more features, more stats, and more fun while also helping to support Sporcle. Thank you for becoming a member.

Show Comments

Extras

Top Quizzes Today


Score Distribution

Your Account Isn't Verified!

In order to create a playlist on Sporcle, you need to verify the email address you used during registration. Go to your Sporcle Settings to finish the process.

Report this User

Report this user for behavior that violates our Community Guidelines.

Details: